000 00882cam a2200277 a 4500
001 12519872
003 OSt
005 20160910145819.0
008 000808s2001 sz b i000 0 eng
010 _a 2001422892
020 _a92-2-111400-7
040 _aDLC
_cDLC
_dDLC
043 _aa------
050 0 0 _aHD3531.85.A4
_bT34 2001
082 _22001
_aDC 334.026
_bT13c
100 1 _aTaimni, K. K.,
_d1938-
245 1 0 _aCooperatives in Asia :
_bfrom reform to reconstruction /
_cKrishan K. Taimni.
260 _aGeneva :
_bInternational Labour Office,
_c2001.
300 _axii, 300 pages ;
_c24 cm.
504 _aIncludes bibliographical references.
650 0 _aCooperation
_zAsia.
710 2 _aInternational Labour Office.
906 _a7
_bcbc
_corigres
_d3
_encip
_f20
_gy-gencatlg
942 _2ddc
_cDC
999 _c4469
_d4469